| 000 | 00432cam a2200181ua 4500 | ||
|---|---|---|---|
| 020 | _c60.00 | ||
| 041 |
_aeng _h |
||
| 082 |
_a518 _bGRE/HI |
||
| 100 | _aGrewal, B S. | ||
| 245 |
_aHigher engineering mathematics / _cB S Grewal. _hTextual Documents |
||
| 250 |
_a20 / _b. |
||
| 260 |
_aDelhi : _bKhanna publishers , _c1988. |
||
| 300 | _a1022 ; . | ||
| 365 | _a60.00 | ||
| 504 | _a | ||
| 942 | _cBK | ||
| 999 |
_c4762 _d4762 |
||